| 000 | 00929nam a22001937a 4500 | ||
|---|---|---|---|
| 003 | OSt | ||
| 005 | 20260414084422.0 | ||
| 008 | 260414b |||||||| |||| 00| 0 eng d | ||
| 040 |
_aDWCL GS lib _cOC |
||
| 082 | _aFic. B178 2023 | ||
| 100 | _aBaldree, Travis | ||
| 245 |
_ahilarious, heartwarming, and wholesome as heek: _bbookshops & bonedust _cTravis Baldree |
||
| 260 |
_aNew York _bTor publishing group _cc2023 |
||
| 300 |
_a332 _c21cm |
||
| 520 | _aBookshops & Bonedust by Travis Baldree is a cozy high-fantasy prequel to Legends & Lattes. It follows a young, wounded orc mercenary named Viv, who is forced to recuperate in the sleepy beach town of Murk, where she discovers a love for books, forms new friendships, finds romance, and accidentally uncovers a dark, necromantic mystery. | ||
| 546 | _aEnglish | ||
| 700 | _aTravis Baldree | ||
| 942 |
_2ddc _cFIC. _hFic. B178 2023 _n0 |
||
| 999 |
_c9411 _d9411 |
||